000 00912nam a22002777i 4500
999 _c172471
_d172471
005 20190520151119.0
008 190430s2017 ii e 000 p tam d
020 _qpaperback
_cRM75.00
040 _aPPAK
_beng
_cPPAK
_erda
082 0 4 _a894.8111
_223
090 0 0 _a894.8111
_bRAD
_dG
100 1 _6880-01
_aRadhakrishnan, Ervadi S.
_eauthor.
245 1 0 _6880-02
_aErvadiar Kavathaikal /
_cErvadi S. Radhakrishnan
250 _6880-03
_aMutar patippu.
264 1 _6880-04
_aChennai :
_bVanathi Pathippakam,
_c2017
300 _a400 pages ;
_c22 cm
336 _2rdacontent
_atext
337 _2rdamedia
_aunmediated
338 _2rdacarrier
_avolume
650 1 0 _aTamil poetry
880 1 _6100-01
_eauthor.
880 1 0 _6245-02
880 _6250-03
_aமுதற் பதிப்பு.
880 1 _6264-04
_aசென்னை :
_bவானதி பதிப்பகம்,
_c2017
942 _2ddc
_cB